| 000 | 00381nam a22001577a 4500 | ||
|---|---|---|---|
| 003 | SGT | ||
| 020 | _a9788192297729 | ||
| 082 |
_a617.6342 _bS14H |
||
| 100 | _aHilton, Thomas J. | ||
| 245 | _aSummit's Fundamentals of Operative Dentistry | ||
| 250 | _a4th Indian Ed. | ||
| 260 |
_bQuintessence Books _c2014 |
||
| 300 | _a600 | ||
| 650 | _aOperative Dentistry | ||
| 942 |
_2ddc _cBK |
||
| 999 |
_c32777 _d32777 |
||